Flags of Countries That Border Belarus - Statistics

General Stats
  • This quiz has been taken 1,069 times
  • The average score is 5 of 5
Answer Stats
Picture Answer % Correct
Russia
100%
Poland
99%
Ukraine
99%
Latvia
98%
Lithuania
97%
No matching quizzes found
Score Distribution
Percent of People with Each Score
Percentile by Number Answered
Your Score History
You have not taken this quiz